000 01055nam a22003017a 4500
001 7176
003 FISKH
005 20250701134858.0
008 250701b cb ||||| |||| 00| 0 eng d
020 _a0590426885
040 _aFISKH
_beng
_cFISKH
_dFISKH
050 _aPZ7.W244 Y
082 _a813
100 _aWarner, Chandler Gertrude
_d(1890–1979)
245 _aThe boxcar children :
_bThe Yellow house mystery /
_cBy Gertrude Chandler Warner ; Illustrated by Mary Gehr
250 _aThis edition first published in 1989
260 _aWest Howard :
_bScholastic,
_c1953
300 _a191 pages :
_billustrations ;
_c20 cm
505 _aJ
520 _auvenile Fiction. Juvenile Literature. Mystery. HTML:Years ago, a man vanished from the yellow house on Surprise Island. Why? The Aldens have found a clue to the mystery!
521 8 _a480
_bLexile
521 8 _aJ
_bRaz-Plus
650 _2Mystery
_aAdventure
650 _2Boxcar Children
_aFiction
700 _aGehr, Mary
_dillustrator
942 _2ddc
_cBK
_n0
999 _c7176
_d7176